000 00641cam a2200217u 4500
999 _c34790
_d34790
001 6102514
003 OSt
005 20200205140552.0
008 830126s1962 ii 000 0 eng
040 _coclc
050 0 0 _aJA71
_b.R3
082 _a320.1
_bRAY/P
100 _aRay, Amal
_91758
245 1 0 _aPolitical theory ;
_bIdeas and institutions /
_cAmal Ray
260 _aCalcutta,
_bEastern Publishers
_c[1962]
300 _a526p
650 0 _aPolitical science.
700 1 _aBhattacharya, Mohit
_91830
906 _a0
_bcbc
_cpremunv
_du
_encip
_f19
_gy-gencatlg
942 _2ddc
_cBK
_h320.1
_iRAY/P
_k320.1
_mRAY/P